00450nam a22001457a 450000500170000000800410001702000150005804100120007308200120008510000120009724500850010926000560019430000280025065000260027820240809132015.0240809b |||||||| |||| 00| 0 eng d a0409016136 aEnglish a349 SOU lEnglish aButterworths Index and Noter-Up to the All South African Law Reports 1996 - 2000 aDurban: bButterworths Publishers (Pty) Ltd, c2001 bv, 1015 pages; c25 cm. aLegal practice bLaw